|
|
|
|
| LEADER |
00000nas a2200000 i 4500 |
| 001 |
ssj0000913850 |
| 003 |
WaSeSS |
| 005 |
20200512172242.0 |
| 006 |
m d |
| 007 |
cr n |
| 008 |
140321c20139999sz qr p s 0 0eng c |
| 010 |
|
|
|a 2015256011
|
| 035 |
|
|
|a (WaSeSS)ssj0000913850
|
| 040 |
|
|
|a CNCGM
|b eng
|e pn
|c CNCGM
|d OCP
|d OCLCO
|d OCLCF
|d RBN
|d OCLCO
|d VT2
|d WaSeSS
|
| 042 |
|
|
|a pcc
|
| 050 |
|
4 |
|a R11
|
| 245 |
0 |
0 |
|a Medical sciences
|h [electronic resource].
|
| 260 |
|
|
|a Basel, Switzerland :
|b MDPI AG,
|c [2013]-
|
| 362 |
1 |
|
|a Began publication with Volume 1, issue 1 (December 2013).
|
| 506 |
|
|
|a License restrictions may limit access.
|
| 588 |
|
|
|a Description based on: Volume 1, issue 1 (December 2013); title from table of contents page, viewed Dec. 10, 2015.
|
| 588 |
|
|
|a Latest issue consulted: Volume 3, issue 4 (December 2015), viewed Dec. 10, 2015.
|
| 650 |
|
0 |
|a Medicine
|v Periodicals.
|
| 650 |
|
0 |
|a Medical sciences
|v Periodicals.
|
| 650 |
|
7 |
|a Medical sciences.
|2 fast
|0 (OCoLC)fst01014601
|
| 650 |
|
7 |
|a Medicine.
|2 fast
|0 (OCoLC)fst01014893
|
| 655 |
|
0 |
|a Electronic journals.
|
| 856 |
4 |
0 |
|z Full text available from Research Library: 01/01/2013 to 12/31/2018
|u https://search.proquest.com/publication/2032317
|
| 856 |
4 |
0 |
|z Full text available from Research Library: 01/01/2020 to present
|u https://search.proquest.com/publication/2032317
|